banner koha

Tectona grandis, espécie de alto valor comercial (Registro n. 299170)

MARC details
000 -LÍDER
fixed length control field 00852nab a2200253 4500
003 - CÓDIGO MARC DA AGÊNCIA CATALOGADORA
Campo de controle BR-BrBNA
005 - DATA E HORA DA ÚLTIMA ATUALIZAÇÃO
Campo de controle 20240414133806.0
008 - CAMPO DE TAMANHO FIXO
fixed length control field 240414b bl.||||| |||| 00| 0 por d
040 ## - FONTE DA CATALOGAÇÃO
Agência catalogadora BR-BrBNA
Idioma da catalogação por
072 ## - CATEGORIA AGRIS
Código AGRIS K10 ; E71
Código do objeto 3285
100 ## - ENTRADA PRINCIPAL - NOME PESSOAL
Nome pessoal Encinas, José Imaña
245 ## - TÍTULO PRINCIPAL
Título principal Tectona grandis, espécie de alto valor comercial
Subtítulo Nota Técnica
500 ## - NOTA GERAL
Nota geral 4 ref.; 2 tables
942 ## - ADDED ENTRY ELEMENTS (KOHA)
Koha item type
650 ## - ASSUNTO - THESAGRO
Cabeçalho tópico ou nome geográfico TECTONA GRANDIS
650 ## - ASSUNTO - THESAGRO
Cabeçalho tópico ou nome geográfico TECA
650 ## - ASSUNTO - THESAGRO
Cabeçalho tópico ou nome geográfico ÁRVORE ANGIOSPERMA
650 ## - ASSUNTO - THESAGRO
Cabeçalho tópico ou nome geográfico PRODUÇÃO FLORESTAL
650 ## - ASSUNTO - THESAGRO
Cabeçalho tópico ou nome geográfico MADEIRA
650 ## - ASSUNTO - THESAGRO
Cabeçalho tópico ou nome geográfico COMÉRCIO EXTERIOR
650 ## - ASSUNTO - THESAGRO
Cabeçalho tópico ou nome geográfico EXPORTAÇÃO
773 0# - ENTRADA ANALÍTICA
Host Biblionumber 1357
Registro do item 25377
Imprenta Brasília-DF Instituto Brasileiro de Desenvolvimento Florestal 1970
Outro identificador 2023-435947
Título Brasil Florestal (Brazil)
ISSN 0045-270X
Colação v. 23(80) p. 67-69; (Aug 2004)
Número de controle de registro BR2024000558

Nenhum exemplar disponível.

BINAGRI

Telefone: (61)3218-2567/2388/3357/2097 - binagri@agro.gov.br

Ministério da Agricultura e Pecuária , Esplanada dos Ministérios, Bloco D, Anexo B, Brasília/DF, CEP: 70.043-900